Evaporation and Evapotranspiration Measurements and Estimations /

The book is a thorough presentation of theoretical and applied aspects of the evaporation and evapotranspiration process supported by data from experimental studies. It is written in a way that the theoretical background of evaporation and evapotranspiration estimation is presented in a simplified m...

Full description

Bibliographic Details
Main Authors: Abtew, Wossenu (Author), Melesse, Assefa (Author)
Corporate Author: SpringerLink (Online service)
Format: Electronic eBook
Language:English
Published: Dordrecht : Springer Netherlands : Imprint: Springer, 2013.
Subjects:
Online Access:Full Text via HEAL-Link
LEADER 03432nam a22005175i 4500
001 978-94-007-4737-1
003 DE-He213
005 20151204141020.0
007 cr nn 008mamaa
008 120827s2013 ne | s |||| 0|eng d
020 |a 9789400747371  |9 978-94-007-4737-1 
024 7 |a 10.1007/978-94-007-4737-1  |2 doi 
040 |d GrThAP 
050 4 |a GB1001-1199.8 
072 7 |a RBK  |2 bicssc 
072 7 |a SCI081000  |2 bisacsh 
082 0 4 |a 551.4  |2 23 
100 1 |a Abtew, Wossenu.  |e author. 
245 1 0 |a Evaporation and Evapotranspiration  |h [electronic resource] :  |b Measurements and Estimations /  |c by Wossenu Abtew, Assefa Melesse. 
264 1 |a Dordrecht :  |b Springer Netherlands :  |b Imprint: Springer,  |c 2013. 
300 |a XVIII, 206 p.  |b online resource. 
336 |a text  |b txt  |2 rdacontent 
337 |a computer  |b c  |2 rdamedia 
338 |a online resource  |b cr  |2 rdacarrier 
347 |a text file  |b PDF  |2 rda 
505 0 |a Meteorological Parameter Monitoring and Data Quality -- Evaporation and Evapotranspiration Measurement -- Energy Requirements of Dew Evaporation -- Vapor Pressure Calculation Methods -- Evaporation and Evapotranspiration Estimation Methods -- Wetland Evapotranspiration -- Lake Evaporation -- Reference and Crop Evapotranspiration -- Spatially Distributed Surface Energy Flux Modeling -- Crop Yield Estimation Using Remote Sensing and Surface Energy Flux Model -- Wetland Restoration Assessment using Remote Sensing and Surface Energy Budget Based Evapotranspiration -- Climate Change and Evapotranspiration. 
520 |a The book is a thorough presentation of theoretical and applied aspects of the evaporation and evapotranspiration process supported by data from experimental studies. It is written in a way that the theoretical background of evaporation and evapotranspiration estimation is presented in a simplified manner, comprehensive to most technical readers. Part of the book deals with details of meteorological parameters and monitoring sensors which are needed for estimating evaporation and evapotranspiration. Errors in meteorological parameter measurements are also presented. Estimation errors, strengths, weaknesses and applicability of a wide range of evaporation and evapotranspiration estimation methods are presented along with samples of application to a certain region. The book presents applications of newer, simpler methods, and a new technology: remote sensing application to evaporation and evapotranspiration estimation. The latest interest in the subject, climate change and evapotranspiration is discussed in the last chapter. This book will be beneficial to students, hydrologists, engineers, meteorologists, water managers and others. 
650 0 |a Earth sciences. 
650 0 |a Climatology. 
650 0 |a Hydrogeology. 
650 0 |a Atmospheric sciences. 
650 0 |a Remote sensing. 
650 0 |a Climate change. 
650 1 4 |a Earth Sciences. 
650 2 4 |a Hydrogeology. 
650 2 4 |a Climatology. 
650 2 4 |a Atmospheric Sciences. 
650 2 4 |a Remote Sensing/Photogrammetry. 
650 2 4 |a Climate Change. 
700 1 |a Melesse, Assefa.  |e author. 
710 2 |a SpringerLink (Online service) 
773 0 |t Springer eBooks 
776 0 8 |i Printed edition:  |z 9789400747364 
856 4 0 |u http://dx.doi.org/10.1007/978-94-007-4737-1  |z Full Text via HEAL-Link 
912 |a ZDB-2-EES 
950 |a Earth and Environmental Science (Springer-11646)